000 00859aam a2200301 4500
005 20250930161442.0
008 150722b2003 xxu||||| |||| 00| 0 spa d
020 _a8497322274
041 _aESP
082 _a613.62 G643m
100 _aGonzález Muñiz, Ramón
_917219
245 _aPrevención de riesgos laborales: manual básico
260 _aEspaña
260 _bThomson Paraninfo
260 _c2003
300 _a211 páginas
490 _aDirección de Educación Comunitaria y Asistencia Técnica
490 _aTemática General
650 _aSALUD OCUPACIONAL
650 _aRIESGOS LABORALES
650 _aSEGURIDAD LABORAL
650 _aCARGA DE TRABAJO
650 _aPLANES DE EMERGENCIA
650 _aPRIMEROS AUXILIOS
650 _aSALUD DEL TRABAJADOR
650 _aPREVENCIÓN DE RIESGOS LABORALES
942 _cBK
_2ddc
999 _c2070
_d2070